Pollos de Campo /

Guardado en:
Autor Principal: Wolf, Ema.
Formato: Libro
Publicado: Buenos Aires : Alfaguara, 1997.
Series:Alfaguara Juvenil. Serie Azul
Materias:
Etiquetas: Agregar Etiqueta
Sin Etiquetas, Sea el primero en etiquetar este registro!
LEADER 00549nam a22001935a 4500
001 CEM.cems019706
008 221012s1997##################000#0#####d
005 20221012090903.0
245 1 0 |a Pollos de Campo /  |c Ema Wolf. 
260 |a Buenos Aires :  |b Alfaguara,  |c 1997. 
300 |a 150 p. 
490 0 |a Alfaguara Juvenil. Serie Azul 
020 |a 9505112904 
100 1 |a Wolf, Ema. 
082 0 4 |a A863.4 
653 |a Litertura Argentina 
653 |a Novela 
653 |a Literatura juvenil 
859 |a CEMS  |b BIB. CEMS - Inicial y Primaria  |h A863.4  |i W831-1  |k IP  |p 1431